000 01253cam a22003615i 4500
999 _c16666
_d16666
001 21835862
003 OSt
005 20220304102417.0
008 201210s2021 cau 000 0 eng
010 _a 2020951803
020 _a9781529709780
_q(paperback)
020 _z9781529756890
_q(epub)
040 _aDLC
_beng
_erda
_cDLC
042 _apcc
082 _22021
_aDC 372.60440941
_bM469
100 1 _aMedwell, Jane,
_eauthor.
_944481
245 1 0 _aPrimary English: knowledge and understanding/
_cJane Medwell, David Wray, George Moore, Vivienne Griffiths, authors
250 _aNinth edition
263 _a2103
264 1 _aThousand Oaks:
_bSage,
_c©2021.
300 _avi, 362 pages:
_billustrations;
_c24 cm.
336 _atext
_btxt
_2rdacontent
337 _aunmediated
_bn
_2rdamedia
338 _avolume
_bnc
_2rdacarrier
500 _aIncludes glossary, bibliographical references and index.
650 _a English language -- Study and teaching (Elementary) -- Great Britain
_944482
700 _aWray, David,
_eauthor
_944483
700 _aMoore, George,
_eauthor
_944484
700 _aGriffiths, Vivienne
_eauthor
_944485
906 _a0
_bibc
_corignew
_d2
_eepcn
_f20
_gy-gencatlg
942 _2ddc
_cDC